[Event "Montcada"]
[Site "Montcada"]
[Date "2018.07.02"]
[Round "9.9"]
[White "Perpinya Rofes, Lluis Maria"]
[Black "Karavade, Eesha"]
[Result "1/2-1/2"]
[BlackElo "2399"]
[WhiteElo "2352"]
[LiveChessVersion "1.4.8"]

1. e4 e5 2. Nf3 Nc6 3. Bb5 a6 4. Ba4 g6 5. c3 d6 6. d4 Bd7 7. O-O
{[%clk 1:28:38]} Bg7 {[%clk 1:30:31]} 8. Bg5 {[%clk 1:25:03]} Nf6
{[%clk 1:30:07]} 9. dxe5 {[%clk 1:13:05]} Nxe5 {[%clk 1:25:22]} 10. Nbd2
{[%clk 1:06:45]} Nxf3+ {[%clk 1:17:55]} 11. Nxf3 {[%clk 0:59:24]} h6
{[%clk 1:12:14]} 12. Bh4 {[%clk 0:57:47]} O-O {[%clk 1:09:15]} 13. e5
{[%clk 0:46:50]} Bxa4 {[%clk 1:08:18]} 14. Qxa4 {[%clk 0:47:10]} dxe5
{[%clk 1:07:49]} 15. Rfe1 {[%clk 0:28:40]} Qd7 {[%clk 0:55:51]} 16. Qxd7
{[%clk 0:26:12]} Nxd7 17. Rad1 Nb6 {[%clk 0:53:16]} 18. Nxe5 {[%clk 0:21:32]}
Rfe8 {[%clk 0:53:12]} 19. Bg3 {[%clk 0:20:59]} Rad8 {[%clk 0:46:49]} 20. Rxd8
{[%clk 0:16:05]} Rxd8 {[%clk 0:46:57]} 21. Nf3 {[%clk 0:15:34]} Na4
{[%clk 0:41:55]} 22. Bxc7 {[%clk 0:10:13]} Rd7 {[%clk 0:42:06]} 23. Be5
{[%clk 0:09:33]} Bxe5 {[%clk 0:36:14]} 24. Nxe5 {[%clk 0:07:42]} Re7
{[%clk 0:35:52]} 25. f4 {[%clk 0:04:33]} Nxb2 {[%clk 0:35:01]} 26. Rb1
{[%clk 0:03:43]} Na4 {[%clk 0:35:21]} 27. c4 {[%clk 0:03:23]} Nc3
{[%clk 0:33:55]} 28. Rb2 {[%clk 0:03:33]} Kg7 {[%clk 0:31:27]} 29. c5
{[%clk 0:02:52]} Rc7 {[%clk 0:28:20]} 30. c6 {[%clk 0:02:00]} bxc6
{[%clk 0:28:19]} 31. Rc2 {[%clk 0:01:18]} Nd5 {[%clk 0:28:19]} 32. Rxc6
{[%clk 0:00:43]} Rxc6 {[%clk 0:28:33]} 33. Nxc6 {[%clk 0:00:57]} Nxf4
{[%clk 0:28:58]} 34. Nb8 {[%clk 0:01:05]} a5 {[%clk 0:28:13]} 35. a4
{[%clk 0:01:28]} Nd5 {[%clk 0:27:43]} 36. Nc6 {[%clk 0:01:48]} Nb6
{[%clk 0:28:02]} 37. Nxa5 {[%clk 0:02:14]} Nxa4 {[%clk 0:28:27]} 38. Nc4
{[%clk 0:02:35]} Kf6 {[%clk 0:28:29]} 39. Kf2 {[%clk 0:02:54]} Kf5
{[%clk 0:27:50]} 40. Kf3 {[%clk 0:02:20]} Nc3 {[%clk 0:26:19]} 41. Ne3+
{[%clk 0:01:55]} Ke6 {[%clk 0:26:15]} 42. Ng4 {[%clk 0:01:24]} h5
{[%clk 0:26:02]} 43. Ne3 {[%clk 0:01:32]} f6 {[%clk 0:25:20]} 44. g3
{[%clk 0:01:23]} Ke5 {[%clk 0:24:36]} 45. Nc4+ {[%clk 0:01:31]} Kd5
{[%clk 0:24:31]} 46. Nb6+ {[%clk 0:01:01]} Ke6 {[%clk 0:24:00]} 47. Nc4
{[%clk 0:01:22]} Nd5 {[%clk 0:24:05]} 48. Nd2 {[%clk 0:01:24]} Ke5
{[%clk 0:23:00]} 49. Nc4+ {[%clk 0:01:36]} Kd4 {[%clk 0:23:22]} 50. Nd6
{[%clk 0:01:31]} Ke5 {[%clk 0:22:34]} 51. Nc4+ {[%clk 0:01:50]} Ke6
{[%clk 0:22:57]} 52. Nd2 {[%clk 0:02:02]} g5 {[%clk 0:23:18]} 53. Nc4
{[%clk 0:01:20]} f5 {[%clk 0:22:30]} 54. Kg2 {[%clk 0:00:57]} Nf6
{[%clk 0:21:57]} 55. Kf3 {[%clk 0:00:47]} Ng4 {[%clk 0:22:13]} 56. Kg2
{[%clk 0:01:16]} f4 {[%clk 0:22:01]} 57. gxf4 {[%clk 0:01:11]} gxf4
{[%clk 0:22:23]} 58. Kf3 {[%clk 0:01:09]} Ne5+ {[%clk 0:22:19]} 59. Kxf4
{[%clk 0:01:32]} Nxc4 {[%clk 0:22:44]} 60. Kg5 {[%clk 0:01:59]} 1/2-1/2

[Event "Montcada"]
[Site "Montcada"]
[Date "2018.07.02"]
[Round "9.10"]
[White "Akesson, Ralf"]
[Black "Cruz, Filemon"]
[Result "1-0"]
[BlackElo "2314"]
[WhiteElo "2397"]
[LiveChessVersion "1.4.8"]

1. d4 {[%clk 1:29:34]} Nf6 {[%clk 1:31:06]} 2. c4 {[%clk 1:29:55]} e6
{[%clk 1:29:15]} 3. Nf3 {[%clk 1:30:10]} b6 {[%clk 1:29:30]} 4. g3
{[%clk 1:30:22]} Ba6 {[%clk 1:29:40]} 5. b3 {[%clk 1:30:36]} Bb4+
{[%clk 1:29:56]} 6. Bd2 {[%clk 1:30:42]} Be7 {[%clk 1:30:15]} 7. Bg2
{[%clk 1:30:11]} c6 {[%clk 1:30:26]} 8. O-O {[%clk 1:23:07]} d5 {[%clk 1:29:52]}
9. Ne5 {[%clk 1:21:43]} Nfd7 {[%clk 1:30:03]} 10. Nxd7 {[%clk 1:19:51]} Nxd7
{[%clk 1:30:14]} 11. Bc3 {[%clk 1:20:04]} Rc8 {[%clk 1:29:08]} 12. Nd2
{[%clk 1:20:19]} Nf6 {[%clk 1:26:51]} 13. e4 {[%clk 1:15:27]} dxe4
{[%clk 1:25:53]} 14. Nxe4 {[%clk 1:14:41]} O-O {[%clk 1:19:43]} 15. Re1
{[%clk 1:10:15]} Nxe4 {[%clk 1:18:43]} 16. Bxe4 {[%clk 1:08:54]} Bf6
{[%clk 1:18:25]} 17. Qd3 {[%clk 1:03:25]} h6 {[%clk 1:17:30]} 18. Rad1
{[%clk 1:00:10]} Qd6 {[%clk 1:06:50]} 19. Qf3 {[%clk 0:54:32]} Rfd8
{[%clk 1:05:03]} 20. h4 {[%clk 0:50:11]} Bb7 {[%clk 1:01:40]} 21. h5
{[%clk 0:30:00]} Rc7 {[%clk 0:53:07]} 22. c5 {[%clk 0:23:08]} Qf8
{[%clk 0:51:40]} 23. Bc2 {[%clk 0:21:58]} Kh8 {[%clk 0:52:01]} 24. b4
{[%clk 0:19:08]} Rcd7 {[%clk 0:48:45]} 25. Qe4 {[%clk 0:18:17]} Qg8
{[%clk 0:47:30]} 26. Bb3 {[%clk 0:12:39]} Qh7 {[%clk 0:47:45]} 27. Qg4
{[%clk 0:11:51]} a5 {[%clk 0:37:19]} 28. cxb6 {[%clk 0:07:30]} axb4
{[%clk 0:37:14]} 29. Bxb4 {[%clk 0:06:54]} Bxd4 {[%clk 0:32:30]} 30. Be7
{[%clk 0:06:53]} Rxe7 {[%clk 0:27:28]} 31. Rxd4 {[%clk 0:07:16]} Rde8
{[%clk 0:23:44]} 32. Red1 {[%clk 0:06:55]} c5 {[%clk 0:24:06]} 33. Rd8
{[%clk 0:05:20]} Qg8 {[%clk 0:24:22]} 34. R8d7 {[%clk 0:04:56]} Qf8
{[%clk 0:21:08]} 35. Qf4 {[%clk 0:04:29]} e5 {[%clk 0:17:59]} 36. Qf5
{[%clk 0:04:44]} Bc8 {[%clk 0:18:06]} 37. Rxe7 {[%clk 0:02:11]} Rxe7
{[%clk 0:17:45]} 38. Qc2 {[%clk 0:01:58]} Rb7 {[%clk 0:17:11]} 39. Rd5
{[%clk 0:01:46]} Rxb6 {[%clk 0:16:20]} 40. Qd2 {[%clk 0:01:17]} Re6
{[%clk 0:16:16]} 41. Ba4 {[%clk 0:01:43]} 1-0